00395nam a22001577a 450000500170000001000170001702000220003403500170005603700120007308200080008510000160009324500350010926000410014430000290018549000230021420120530164012.0 aB-465415-455 a8123734891c40.00 aB-465415-455 bRBC/Ven a921 aDash, S. C. aGopabandhu Das / bby S C Dash aNew DelhibNational Book Trustc2002 avii, 135p.c22 cm. (pbk) aNational Biography